000 00296nam a2200121Ia 4500
008 170620s9999 xx 000 0 und d
100 _aJAIN- N.K. & SHARMA S.N.
245 0 _aPHARMACEUTICAL MICROBILOGY
260 _bS.CHAND
260 _c2008
300 _a1365
546 _aEnglish
690 _aPHARMACEUTICAL MICROBILOGY
999 _c31078
_d31078